01014cam a2200265 45000010008000000030004000080050017000120080041000290100017000700200015000870400018001020500017001200820017001371000046001542450100002002600056003003000025003563500011003815000094003925000109004865040030005956500029006257000035006547100059006893182494OSt20230620160319.0720606r1971 mau b 001 0 eng  a 76178076  a0674904818 aDLCcDLCdDLC00aJX1395b.K4300a327/.08bKEO1 aKeohane, Robert O.q(Robert Owen),d1941-10aTransnational relations and world politics.cEdited by Robert O. Keohane and Joseph S. Nye, Jr. aCambridge, Mass.,bHarvard University Press,c1972. axxix, 428 p.c27 cm. a$12.50 a"Written under the auspices of the Center for International Affairs, Harvard University." a"The essays in this volume appeared in ... International organization ... vol. XXV, no. 3 (summer 1971)" aBibliography: p. 399-408. 0aInternational relations.1 aNye, Joseph S.,ejoint author.2 aHarvard University.bCenter for International Affairs.